| 000 | 00518nam a22001937a 4500 | ||
|---|---|---|---|
| 003 | MPLRDC | ||
| 005 | 20220104193202.0 | ||
| 008 | 210129b ||||| |||| 00| 0 eng d | ||
| 020 | _a978-7-80228-314-5 | ||
| 082 | _a528.5 ZYX | ||
| 100 | _a张亚新 主编 | ||
| 245 |
_a优秀小学生应该培养的17种成才品格 _c |
||
| 250 | _a初版一刷 | ||
| 260 |
_a中国 _b新世界出版社 _c2007 |
||
| 300 | _b平 | ||
| 490 | _a优秀小学生经典丛书 | ||
| 650 | _a伦理教育 | ||
| 942 |
_cBK _o528.5 ZYX |
||
| 999 |
_c65076 _d65066 |
||